Cuba y América Latina : (Registro nro. 67114)
[ vista simple ]
| 000 -LEADER | |
|---|---|
| fixed length control field | 01573cam a2200409 i 4500 |
| 001 - CONTROL NUMBER | |
| control field | 67114 |
| 003 - CONTROL NUMBER IDENTIFIER | |
| control field | Mx-PuUPA |
| 005 - DATE AND TIME OF LATEST TRANSACTION | |
| control field | 20250918090728.0 |
| 008 - FIXED-LENGTH DATA ELEMENTS--GENERAL INFORMATION | |
| fixed length control field | 170403s2013 sp d gr 000 0 spa d |
| 020 ## - INTERNATIONAL STANDARD BOOK NUMBER | |
| International Standard Book Number | 9788498883688 |
| 040 ## - CATALOGING SOURCE | |
| Description conventions | rda |
| Original cataloging agency | Mx-PuUPA |
| Language of cataloging | spa |
| Transcribing agency | Mx-PuUPA |
| Modifying agency | Mx-PuUPA |
| 041 0# - LANGUAGE CODE | |
| Language code of text/sound track or separate title | spa |
| 043 ## - GEOGRAPHIC AREA CODE | |
| Geographic area code | cl----- |
| 043 ## - GEOGRAPHIC AREA CODE | |
| Geographic area code | nwcu--- |
| 100 1# - MAIN ENTRY--PERSONAL NAME | |
| Relator term | autor |
| 9 (RLIN) | 3977 |
| 245 10 - TITLE STATEMENT | |
| Title | Cuba y América Latina : |
| Remainder of title | impacto de las reformas en el comercio de bienes y servicios / |
| Statement of responsibility, etc. | Miriam Fernández, Omar Everleny Pérez Villanueva (coordinadores), Héctor Bazque, Nadya Cárdenas [y otros seis]. |
| 250 ## - EDITION STATEMENT | |
| Edition statement | Primera edición |
| 264 #1 - PRODUCTION, PUBLICATION, DISTRIBUTION, MANUFACTURE, AND COPYRIGHT NOTICE | |
| Place of production, publication, distribution, manufacture | España : |
| Name of producer, publisher, distributor, manufacturer | Icaria Editoria, |
| Date of production, publication, distribution, manufacture, or copyright notice | 2013 |
| 300 ## - PHYSICAL DESCRIPTION | |
| Extent | 201 páginas : |
| Other physical details | ilustraciones, gráficas ; |
| Dimensions | 20 cm. |
| 336 ## - CONTENT TYPE | |
| Content type term | texto |
| Fuente | rdacontent |
| Content type code | txt |
| 337 ## - MEDIA TYPE | |
| Media type term | sin medio |
| Source | rdamedia |
| Media type code | n |
| 338 ## - CARRIER TYPE | |
| Carrier type term | volumen |
| Source | rdacarrier |
| Carrier type code | nc |
| 490 0# - SERIES STATEMENT | |
| Series statement | Colección Pensamiento Propio |
| 651 #4 - SUBJECT ADDED ENTRY--GEOGRAPHIC NAME | |
| Geographic name | Cuba |
| Geographic subdivision | América Latina |
| General subdivision | Relaciones económicas internacionales |
| 651 #4 - SUBJECT ADDED ENTRY--GEOGRAPHIC NAME | |
| Geographic name | América Latina |
| General subdivision | Comercio |
| 651 #4 - SUBJECT ADDED ENTRY--GEOGRAPHIC NAME | |
| Geographic name | Cuba |
| General subdivision | Comercio |
| 651 #4 - SUBJECT ADDED ENTRY--GEOGRAPHIC NAME | |
| Geographic name | Cuba |
| Geographic subdivision | América Latina |
| General subdivision | Comercio exterior |
| 700 1# - ADDED ENTRY--PERSONAL NAME | |
| Personal name | Fernández Santiago, Miriam, |
| Relator term | coordinador |
| 9 (RLIN) | 3977 |
| 700 1# - ADDED ENTRY--PERSONAL NAME | |
| Personal name | Pérez Villanueva, Omar Everleny, |
| Relator term | coordinador |
| 9 (RLIN) | 3978 |
| 700 1# - ADDED ENTRY--PERSONAL NAME | |
| Personal name | Bazque, Héctor, |
| Relator term | autor |
| 9 (RLIN) | 3979 |
| 700 1# - ADDED ENTRY--PERSONAL NAME | |
| Personal name | Cárdenas, Nadya, |
| Relator term | autor |
| 9 (RLIN) | 3980 |
| 942 ## - ADDED ENTRY ELEMENTS (KOHA) | |
| Source of classification or shelving scheme | Dewey Decimal Classification |
| Koha item type | Libro |
| Classification part | 382.09729108 |
| Item part | C62 |
| Withdrawn status | Lost status | Source of classification or shelving scheme | Damaged status | Not for loan | Collection code | Home library | Current library | Shelving location | Date acquired | Source of acquisition | Total Checkouts | Full call number | Barcode | Date last seen | Copy number | Price effective from | Koha item type |
|---|---|---|---|---|---|---|---|---|---|---|---|---|---|---|---|---|---|
| Dewey Decimal Classification | General | Biblioteca Karol Wojtyla | Biblioteca Karol Wojtyla | Sala general | 03/12/2013 | Donación | 382.09729108 C62 2013 | 47256 | 05/01/2026 | Ej.2 | 03/12/2013 | Libro | |||||
| Dewey Decimal Classification | General | Biblioteca Karol Wojtyla | Biblioteca Karol Wojtyla | Sala general | 03/04/2017 | Compra | 382.09729108 C62 2013 | 92446 | 05/01/2026 | 06/04/2017 | Libro |